Sustainability indicators measuring the immeasurable?
Salvato in:
| Autore principale: | |
|---|---|
| Altri autori: | |
| Natura: | Libro |
| Lingua: | inglese |
| Pubblicazione: |
London
Earthscan
2008
|
| Edizione: | 2nd ed. |
| Soggetti: | |
| Tags: |
Nessun Tag, puoi essere il primo ad aggiungerne!!
|
MARC
| LEADER | 00000nam$a2200000$$$4500 | ||
|---|---|---|---|
| 001 | 0117472 | ||
| 005 | 20240229084052.7 | ||
| 020 | |a 978-1-84407-299-6 | ||
| 041 | 0 | |a eng | |
| 044 | |a GB | ||
| 245 | 1 | 0 | |a Sustainability indicators |b measuring the immeasurable? |c Simon Bell and Stephen Morse |
| 250 | |a 2nd ed. | ||
| 264 | 1 | |a London |b Earthscan |c 2008 | |
| 300 | |a 228 s. | ||
| 610 | 2 | 0 | |a stabilita hospodárstva |
| 610 | 2 | 0 | |a ukazovatele |
| 610 | 2 | 0 | |a meranie |
| 610 | 2 | 0 | |a metódy štatistické |
| 610 | 2 | 0 | |a systémy kvality |
| 610 | 2 | 0 | |a ekológia |
| 610 | 2 | 0 | |a vývoj systémov |
| 610 | 2 | 0 | |a výskum |
| 100 | 1 | |a Bell, Simon | |
| 700 | 1 | |a Morse, Stephen | |